|
|
|
|
| LEADER |
01806cas a2200241 a 4500 |
| 001 |
AALejournalIMF014693 |
| 008 |
230101c9999 xx r poo 0 0eng d |
| 020 |
|
|
|c 5.00 USD
|
| 020 |
|
|
|z 9781498344838
|
| 022 |
|
|
|a 1018-5941
|
| 040 |
|
|
|a BD-DhAAL
|c BD-DhAAL
|
| 100 |
1 |
|
|a Karpowicz, Izabela.
|
| 245 |
1 |
0 |
|a Financial Inclusion, Growth and Inequality :
|b A Model Application to Colombia /
|c Izabela Karpowicz.
|
| 264 |
|
1 |
|a Washington, D.C. :
|b International Monetary Fund,
|c 2014.
|
| 300 |
|
|
|a 1 online resource (31 pages)
|
| 490 |
1 |
|
|a IMF Working Papers
|
| 500 |
|
|
|a <strong>Off-Campus Access:</strong> No User ID or Password Required
|
| 500 |
|
|
|a <strong>On-Campus Access:</strong> No User ID or Password Required
|
| 506 |
|
|
|a Electronic access restricted to authorized BRAC University faculty, staff and students
|
| 520 |
3 |
|
|a Financial inclusion has been one of the key pillars of Colombia's development strategy for a number of years. Financial inclusion policies have aimed at channeling microcredit to poor, spreading formal banking system usage, fostering electronic payment acceptance, and making financial services more affordable. Using simulations from a general equilibrium model it is possible to identify the most binding financial sector frictions that preclude financial inclusion of enterprises, and study the effects on growth and inequality of efforts to remove these frictions. The study finds that lowering contraints on collateral promises higher growth while inequality is better tackled through measures that lower the financial participation cost.
|
| 538 |
|
|
|a Mode of access: Internet
|
| 830 |
|
0 |
|a IMF Working Papers; Working Paper ;
|v No. 2014/166
|
| 856 |
4 |
0 |
|z Full text available on IMF
|u http://elibrary.imf.org/view/journals/001/2014/166/001.2014.issue-166-en.xml
|z IMF e-Library
|